Green Markets <The> Economics of Sustainable Development

Uložené v:
Podrobná bibliografia
Hlavný autor: Panayotou, Theodore
Médium: Kniha
Jazyk:English
Vydavateľské údaje: San Francisco Institute for Contemporary Studies 1993
Vydanie:1. ed.
Edícia:ICEG Sector Studies Series No.7
Predmet:
Tagy: Pridať tag
Žiadne tagy, Buďte prvý, kto otaguje tento záznam!

MARC

LEADER 00000nam a2200000 4500
001 c021313
005 20230116130220.0
020 |a 1-55815-222-9 
041 0 |a eng 
044 |a US 
245 1 0 |a Green Markets  |b <The> Economics of Sustainable Development  |c Theodore Panayotou 
250 |a 1. ed. 
264 1 |a San Francisco  |b Institute for Contemporary Studies  |c 1993 
300 |a 169 s. 
490 1 |a ICEG Sector Studies Series  |v No.7 
830 0 |a ICEG Sector Studies Series  |v No.7 
610 2 0 |a rozvoj trvalo udržateľný 
610 2 0 |a rozvoj hospodársky 
610 2 0 |a trh 
610 2 0 |a politika environmentálna 
610 2 0 |a krajiny rozvojové 
610 2 0 |a štúdie prípadové 
100 1 |a Panayotou, Theodore